United Kingdom Cities Slideshow Quiz Stats

 Plays Quiz not verified by Sporcle

Challenge
Share
Tweet
Score 0/20 Timer 10:00
0 Plays Today
% Correct
London
99.2%
Edinburgh
95%
Cambridge
89.3%
Birmingham
78.5%
Bristol
78.5%
Manchester
77.7%
Brighton
76%
Bath
71.9%
York
62%
Liverpool
61.2%
% Correct
Glasgow
57.9%
Oxford
54.5%
Belfast
51.2%
Newcastle-upon-Tyne
48.8%
Cardiff
47.1%
Nottingham
39.7%
Norwich
35.5%
Leeds
30.6%
Worcester
24%
Leicester
23.1%

You're not logged in!

Compare scores with friends on all Sporcle quizzes.
Join for Free
OR
Log In

You Might Also Like...

Show Comments

Extras

Created Jul 4, 2017ReportNominate
Tags:England, UK

Top Quizzes Today


Score Distribution

Your Account Isn't Verified!

In order to create a playlist on Sporcle, you need to verify the email address you used during registration. Go to your Sporcle Settings to finish the process.

Report this User

Report this user for behavior that violates our Community Guidelines.

Details: